| 000 | 00723nam a22001937a 4500 | ||
|---|---|---|---|
| 999 |
_c7934 _d7934 |
||
| 005 | 20240912192245.0 | ||
| 008 | 240912b ||||| |||| 00| 0 eng d | ||
| 020 | _a9788429781991 | ||
| 040 |
_aCDMR _dCDMR |
||
| 100 |
_94969 _aHarari, Yuval Noah |
||
| 245 |
_aNexus _b: breu història de les xarxes d'informació des de l'edat de pedra a la intel·ligència artificial _c/ Yuval Noah Harari ; traducció de Núria Busquet Molist |
||
| 260 |
_aBarcelona _b: Edicions 62, _c2024 |
||
| 300 | _a691 pàgines | ||
| 490 | _aLlibres a l'abast | ||
| 650 | 0 |
_93156 _aSocietat de la informació |
|
| 650 | 0 |
_93508 _aTecnologia de la informació _xAspectes socials |
|
| 650 | 0 |
_94423 _aTecnologia i civilització |
|
| 942 |
_2udc _cMON |
||